[Event "XIII Weekend A"]
[Site "Porto Sant'Elpidio ITA"]
[Date "2010.11.20"]
[Round "1"]
[White "Briffault, Philippe"]
[Black "Ricci, Alessio"]
[Result "1/2-1/2"]
[WhiteElo "1961"]
[BlackElo "1877"]
[PlyCount "91"]
[EventDate "2010.11.20"]

1. d4 Nf6 2. c4 d5 3. Nc3 e6 4. Nf3 Bd6 5. Bg5 c6 6. e3 O-O 7. Bd3 Nbd7 8. O-O
h6 9. Bh4 dxc4 10. Bxc4 e5 11. Ne4 Be7 12. Qc2 exd4 13. exd4 Nxe4 14. Qxe4 Bxh4
15. Nxh4 Nf6 16. Qd3 Nd5 17. Nf3 Be6 18. Bb3 Nf4 19. Qc2 Bd5 20. Bxd5 Nxd5 21.
Rfe1 Qd6 22. Re5 Rfe8 23. Rae1 Qd7 24. a3 f6 25. R5e4 Kf8 26. Nh4 Rxe4 27. Rxe4
Re8 28. g3 Kf7 29. Rxe8 Kxe8 30. Qh7 Qg4 31. Qg8+ Ke7 32. Qb8 Qd1+ 33. Kg2 Qb3
34. Nf5+ Kf7 35. Qh8 Kg6 36. Nxg7 Qxb2 37. Ne6 Ne3+ 38. Kh3 Qxf2 39. Nf4+ Kf7
40. Qh7+ Ke8 41. Qg6+ Kd7 42. Qf7+ Kc8 43. Qf8+ Kd7 44. Qf7+ Kc8 45. Qf8+ Kd7
46. Qf7+ 1/2-1/2

[Event "XIII Weekend A"]
[Site "Porto Sant'Elpidio ITA"]
[Date "2010.11.20"]
[Round "1"]
[White "Bruno, Fabio"]
[Black "Ripa', Daniele"]
[Result "1-0"]
[WhiteElo "2465"]
[BlackElo "1927"]
[PlyCount "125"]
[EventDate "2010.11.20"]

1. d4 Nf6 2. Nf3 g6 3. c4 Bg7 4. Nc3 O-O 5. g3 d6 6. Bg2 Nc6 7. O-O Bf5 8. d5
Na5 9. Nd4 Bd7 10. b3 c5 11. dxc6 Nxc6 12. Nc2 Qa5 13. Nb5 a6 14. Bd2 Qb6 15.
Nc3 Ne5 16. Be3 Qc7 17. Nb4 e6 18. Rc1 Rfd8 19. Bg5 Qa5 20. Bxf6 Bxf6 21. Ne4
Be7 22. Qd2 Kg7 23. Qc3 f6 24. Rfd1 Qb6 25. Nd3 Nxd3 26. Rxd3 Rac8 27. Qb2 Be8
28. Rf3 e5 29. Rd3 Bc6 30. Nc3 Bxg2 31. Kxg2 f5 32. Kg1 Bf6 33. Nd5 Qc6 34.
Rcd1 Rd7 35. f4 Rcd8 36. e3 Kf7 37. Nxf6 Kxf6 38. Rd5 Ke6 39. fxe5 dxe5 40.
Qxe5+ Kf7 41. e4 Rxd5 42. exd5 Qc5+ 43. Qd4 Qxd4+ 44. Rxd4 Ke7 45. c5 a5 46. a3
Re8 47. b4 axb4 48. axb4 Ra8 49. Kf2 Kd7 50. Ke3 Ra6 51. Kd3 Ra2 52. Rh4 h5 53.
Kc4 Kc7 54. Kb5 Ra6 55. d6+ Kd7 56. Rd4 Ra2 57. Kb6 Rxh2 58. Kxb7 Rc2 59. Kb6
g5 60. b5 f4 61. c6+ Kd8 62. gxf4 g4 63. Ra4 1-0

[Event "XIII Weekend A"]
[Site "Porto Sant'Elpidio ITA"]
[Date "2010.11.20"]
[Round "1"]
[White "Di Pietro, Gabriele"]
[Black "Viviani, Alessio"]
[Result "0-1"]
[WhiteElo "1856"]
[BlackElo "1958"]
[PlyCount "138"]
[EventDate "2010.11.20"]

1. e4 d6 2. d4 g6 3. Nc3 Bg7 4. Be3 a6 5. Qd2 b5 6. a3 Nf6 7. f3 Nbd7 8. Bh6
Bxh6 9. Qxh6 c5 10. dxc5 Nxc5 11. Nh3 Qc7 12. Ng5 Ne6 13. Nxe6 fxe6 14. Bd3 Qc5
15. O-O-O Bd7 16. Rhe1 e5 17. Qe3 Qxe3+ 18. Rxe3 Be6 19. Bf1 Kf7 20. Red3 Rac8
21. R3d2 Rhf8 22. Kb1 Rxc3 23. bxc3 Rc8 24. Kb2 Nd7 25. Ra1 Nb6 26. a4 Nxa4+
27. Rxa4 bxa4 28. Ka3 Bc4 29. Bxc4+ Rxc4 30. Rf2 Ke6 31. g3 h6 32. Kb2 g5 33.
Re2 Kf6 34. Re3 h5 35. h4 gxh4 36. gxh4 Rc8 37. Ka3 Rg8 38. Kxa4 Rg3 39. Rd3
Rh3 40. c4 Rxh4 41. Rd2 Rh3 42. Rf2 Kg5 43. Kb4 Rg3 44. c5 h4 45. c6 Kf4 46.
Rh2 h3 47. c7 Rg8 48. Rxh3 Rc8 49. Ka5 Rxc7 50. Kxa6 Rxc2 51. Kb7 Rc3 52. Rh4+
Kg5 53. Rg4+ Kf6 54. Rg3 e6 55. Kb6 d5 56. exd5 exd5 57. Rg8 d4 58. Kb5 Rc7 59.
Rd8 Ke7 60. Rd5 Ke6 61. Rd8 Rd7 62. Rg8 d3 63. Rg1 d2 64. Rd1 Kf5 65. Kc4 Kf4
66. Kc3 Kxf3 67. Rxd2 Rxd2 68. Kxd2 e4 69. Kd1 Kf2 0-1

[Event "XIII Weekend A"]
[Site "Porto Sant'Elpidio ITA"]
[Date "2010.11.20"]
[Round "1"]
[White "Faini, Marco"]
[Black "Vesce, Emanuele"]
[Result "1/2-1/2"]
[WhiteElo "1951"]
[BlackElo "1832"]
[PlyCount "65"]
[EventDate "2010.11.20"]

1. c4 e5 2. g3 Nc6 3. Bg2 g6 4. Nc3 Bg7 5. e4 Nge7 6. Nge2 O-O 7. d3 d6 8. O-O
f5 9. Rb1 a5 10. a3 Qe8 11. Qc2 Nd8 12. f4 Ne6 13. Be3 Bd7 14. Nd5 b5 15. Nxe7+
Qxe7 16. exf5 gxf5 17. Bxa8 Rxa8 18. fxe5 dxe5 19. Nc3 f4 20. Nd5 Qg5 21. Qg2
fxe3 22. Ne7+ Qxe7 23. Qxa8+ Bf8 24. Rbe1 bxc4 25. dxc4 Qc5 26. Qf3 Ng5 27.
Qxf8+ Qxf8 28. Rxf8+ Kxf8 29. Rxe3 Kf7 30. b4 a4 31. Kf2 Ke6 32. h4 Nf7 33. c5
1/2-1/2

[Event "XIII Weekend A"]
[Site "Porto Sant'Elpidio ITA"]
[Date "2010.11.20"]
[Round "1"]
[White "Giobbi, Costantino"]
[Black "Rinaudo, Sergio"]
[Result "0-1"]
[WhiteElo "1916"]
[BlackElo "2126"]
[PlyCount "74"]
[EventDate "2010.11.20"]

1. b3 Nf6 2. Bb2 d5 3. Nf3 g6 4. e3 Bg7 5. d4 O-O 6. Bd3 c5 7. O-O Nc6 8. Na3
Ne4 9. c3 Bg4 10. Be2 Rc8 11. h3 Bf5 12. Nd2 Qa5 13. Nxe4 Bxe4 14. f4 e6 15. g4
a6 16. Bf3 f5 17. Bxe4 fxe4 18. Nc2 b5 19. a3 cxd4 20. exd4 Qb6 21. Kg2 Qb8 22.
Qd2 Na5 23. Qf2 Nxb3 24. Rab1 Bh6 25. f5 exf5 26. Qh4 Bg7 27. gxf5 gxf5 28. Ne3
Bf6 29. Qh5 Nd2 30. Nxf5 Nxf1 31. Rxf1 Kh8 32. Nh6 Rg8+ 33. Ng4 Rcf8 34. Kh1
Bg7 35. Rg1 Qf4 36. Ne5 Bxe5 37. Rxg8+ Kxg8 0-1

[Event "XIII Weekend A"]
[Site "Porto Sant'Elpidio ITA"]
[Date "2010.11.20"]
[Round "1"]
[White "Rinaudo, Andrea"]
[Black "Guglielmi, Dante"]
[Result "1/2-1/2"]
[WhiteElo "2099"]
[BlackElo "1906"]
[PlyCount "92"]
[EventDate "2010.11.20"]

1. e4 c5 2. Nf3 d6 3. Bb5+ Bd7 4. Bxd7+ Qxd7 5. c4 Nf6 6. Nc3 e6 7. d4 cxd4 8.
Nxd4 Be7 9. O-O O-O 10. Be3 Nc6 11. b3 Rfd8 12. Rc1 Nxd4 13. Bxd4 b6 14. h3 Qb7
15. Qe2 Rac8 16. Rfd1 Nd7 17. Nb5 Nc5 18. Qg4 g6 19. Nc3 Nd7 20. f4 Nf6 21. Qe2
Nh5 22. Qe3 Nf6 23. Kh2 Qb8 24. Qf3 Nh5 25. Kg1 Nf6 26. Rc2 Qb7 27. Rcd2 Nd7
28. Re2 Nf6 29. Nb5 e5 30. Bb2 Nh5 31. fxe5 dxe5 32. Rxd8+ Rxd8 33. Bxe5 Qc6
34. Kh2 Rd1 35. Rf2 Qe6 36. Qxd1 Qxe5+ 37. Kg1 Bc5 38. Qe2 Ng3 39. Qf3 Bxf2+
40. Qxf2 Nxe4 41. Qe2 a5 42. Qd1 Kg7 43. Qd8 Qa1+ 44. Kh2 Qe5+ 45. Kg1 Qa1+ 46.
Kh2 Qe5+ 1/2-1/2

[Event "XIII Weekend A"]
[Site "Porto Sant'Elpidio ITA"]
[Date "2010.11.20"]
[Round "1"]
[White "Sagripanti, Michele"]
[Black "Fronzi, Ettore"]
[Result "1-0"]
[WhiteElo "1887"]
[BlackElo "2024"]
[PlyCount "67"]
[EventDate "2010.11.20"]

1. e4 e6 2. d4 d5 3. Nd2 dxe4 4. Nxe4 Bd7 5. Nf3 Bc6 6. Bd3 Nd7 7. O-O Ngf6 8.
Qe2 Be7 9. c4 Nxe4 10. Bxe4 Bxe4 11. Qxe4 c6 12. Bd2 a5 13. Bc3 O-O 14. Rfe1
Re8 15. Rad1 Bf6 16. Ne5 Qc7 17. f4 Nxe5 18. fxe5 Be7 19. Re3 Red8 20. Rh3 h6
21. Rdd3 Rd7 22. Rdg3 Bf8 23. Rxh6 g6 24. Rhh3 Rad8 25. Qh4 Bg7 26. Qh7+ Kf8
27. b4 b6 28. c5 bxc5 29. bxc5 Rb8 30. Rf3 Rb1+ 31. Kf2 Qb7 32. Qxg6 Qb5 33.
Kg3 Qe2 34. Qxb1 1-0

[Event "XIII Weekend A"]
[Site "Porto Sant'Elpidio ITA"]
[Date "2010.11.20"]
[Round "2"]
[White "Fronzi, Ettore"]
[Black "Di Pietro, Gabriele"]
[Result "1-0"]
[WhiteElo "2024"]
[BlackElo "1856"]
[PlyCount "79"]
[EventDate "2010.11.20"]

1. d4 d5 2. c4 c6 3. Nf3 Nf6 4. Nc3 e6 5. e3 Be7 6. Qc2 O-O 7. Bd3 Nbd7 8. O-O
dxc4 9. Bxc4 Nb6 10. Bd3 Nbd5 11. a3 h6 12. e4 Nxc3 13. Qxc3 Qc7 14. Bd2 Bd7
15. b4 Rac8 16. Ne5 Rfe8 17. Be3 a6 18. Rac1 Qd8 19. Bb1 Nh7 20. Nxd7 Qxd7 21.
Qc2 Nf8 22. f4 Rcd8 23. Ba2 Bf6 24. e5 Be7 25. f5 exf5 26. Rxf5 Ne6 27. Qf2 Rf8
28. h4 g6 29. Rf3 Kg7 30. Rf1 Qe8 31. Qd2 g5 32. Bb1 Rh8 33. Qf2 Rf8 34. Qc2
Rh8 35. Rxf7+ Qxf7 36. Rxf7+ Kxf7 37. Qg6+ Kf8 38. Ba2 Rg8 39. Qxe6 Rg7 40.
Qxh6 1-0

[Event "XIII Weekend A"]
[Site "Porto Sant'Elpidio ITA"]
[Date "2010.11.20"]
[Round "2"]
[White "Guglielmi, Dante"]
[Black "Briffault, Philippe"]
[Result "1-0"]
[WhiteElo "1906"]
[BlackElo "1961"]
[PlyCount "125"]
[EventDate "2010.11.20"]

1. c4 Nf6 2. Nc3 g6 3. g3 Bg7 4. Bg2 O-O 5. e3 d6 6. Nge2 e5 7. O-O c6 8. d4
Qe7 9. Qc2 Re8 10. dxe5 dxe5 11. b3 a5 12. Bb2 Na6 13. Rad1 Bf5 14. e4 Bg4 15.
h3 Bd7 16. Na4 Nb4 17. Qb1 Rad8 18. Bc3 Rb8 19. Nb6 Bc8 20. Qb2 Qc7 21. Nxc8
Rbxc8 22. f4 Nd7 23. Rd2 Bh6 24. a3 Na6 25. Bxa5 Qxa5 26. Rxd7 Qb6+ 27. Kh2 Nc5
28. Rd6 exf4 29. gxf4 Nxe4 30. Rd3 Bg7 31. Qc2 Nc5 32. Rdf3 Rcd8 33. b4 Ne6 34.
Rd3 Rxd3 35. Qxd3 Rd8 36. Qc2 f5 37. Qb3 Nd4 38. Nxd4 Qxd4 39. b5 Bh6 40. bxc6
Bxf4+ 41. Kh1 bxc6 42. Bxc6 Bc7 43. Bd5+ Kg7 44. Qd1 Qb2 45. Qa1 Qf6 46. Re1
Qxa1 47. Rxa1 Kf6 48. a4 Be5 49. Ra2 Bd4 50. a5 Rd7 51. a6 Ba7 52. Re2 Rd6 53.
Bb7 g5 54. Rc2 g4 55. c5 Rd1+ 56. Kg2 Kg5 57. hxg4 fxg4 58. c6 Kh4 59. Rc4 Rg1+
60. Kh2 Re1 61. c7 Re2+ 62. Bg2 Re1 63. Rxg4+ 1-0

[Event "XIII Weekend A"]
[Site "Porto Sant'Elpidio ITA"]
[Date "2010.11.20"]
[Round "2"]
[White "Marsili, Riccardo"]
[Black "Rinaudo, Andrea"]
[Result "1/2-1/2"]
[WhiteElo "1938"]
[BlackElo "2099"]
[PlyCount "36"]
[EventDate "2010.11.20"]

1. e4 c5 2. Nf3 Nc6 3. Nc3 d6 4. Bc4 Nf6 5. O-O g6 6. h3 Bg7 7. d3 O-O 8. Be3
b6 9. Qd2 Na5 10. Bh6 Nxc4 11. dxc4 Bb7 12. Bxg7 Kxg7 13. Rfe1 Rc8 14. Rad1 Re8
15. Qf4 Qc7 16. Nd5 Bxd5 17. exd5 Rcd8 18. Re2 Qd7 1/2-1/2

[Event "XIII Weekend A"]
[Site "Porto Sant'Elpidio ITA"]
[Date "2010.11.20"]
[Round "2"]
[White "Ricci, Alessio"]
[Black "Faini, Marco"]
[Result "0-1"]
[WhiteElo "1877"]
[BlackElo "1951"]
[PlyCount "134"]
[EventDate "2010.11.20"]

1. d4 d5 2. Nf3 e6 3. e3 Nf6 4. Bd3 Nbd7 5. O-O Be7 6. Nbd2 O-O 7. b3 c5 8. Bb2
a6 9. a4 b6 10. Ne5 Bb7 11. Qe2 Re8 12. f4 Nf8 13. Qf3 N6d7 14. Qh5 g6 15. Qh6
Bf6 16. Ndf3 Bg7 17. Qh3 f6 18. Ng4 h5 19. Nf2 f5 20. Qg3 Bf6 21. h4 Kf7 22.
Nh3 Nh7 23. Nhg5+ Nxg5 24. Nxg5+ Bxg5 25. fxg5 Rc8 26. dxc5 bxc5 27. Be2 Qc7
28. Rf4 Nf8 29. Raf1 Ke7 30. Bf6+ Kd7 31. Qe1 e5 32. R4f2 d4 33. Bf3 Bxf3 34.
Rxf3 Ne6 35. Qe2 e4 36. Rh3 Qb6 37. Rd1 Kc6 38. Qc4 Kb7 39. a5 Qc6 40. exd4
cxd4 41. Bxd4 Qxc4 42. bxc4 Rxc4 43. Rb3+ Ka8 44. Bf2 Rec8 45. Rb6 R8c6 46. Rd7
Rxb6 47. axb6 Rxc2 48. Re7 Rc6 49. Ra7+ Kb8 50. Rxa6 f4 51. Kf1 e3 52. Be1 Kb7
53. Ra4 Kxb6 54. Ke2 Kc5 55. Bc3 Kd5 56. Ra5+ Rc5 57. Kf3 Rxa5 58. Bxa5 Kd4 59.
Ke2 Ke4 60. Bb6 Nd4+ 61. Kd1 Kd3 62. Bxd4 Kxd4 63. Ke2 Ke4 64. Ke1 Kd3 65. Kd1
e2+ 66. Ke1 Ke3 67. g3 f3 0-1

[Event "XIII Weekend A"]
[Site "Porto Sant'Elpidio ITA"]
[Date "2010.11.20"]
[Round "2"]
[White "Rinaudo, Sergio"]
[Black "Sagripanti, Michele"]
[Result "1/2-1/2"]
[WhiteElo "2126"]
[BlackElo "1887"]
[PlyCount "44"]
[EventDate "2010.11.20"]

1. d4 Nf6 2. Nf3 e6 3. c4 Nc6 4. Nc3 Bb4 5. Qc2 O-O 6. e3 b6 7. Bd3 d6 8. O-O
Bxc3 9. Qxc3 e5 10. dxe5 dxe5 11. e4 Bg4 12. Ne1 Nd4 13. f3 Bh5 14. Nc2 Bg6 15.
Be3 c5 16. Bf2 Nh5 17. Ne3 Nf4 18. Kh1 Nxf3 19. gxf3 Nxd3 20. Rad1 Nxf2+ 21.
Rxf2 Qh4 22. Rfd2 Rae8 1/2-1/2

[Event "XIII Weekend A"]
[Site "Porto Sant'Elpidio ITA"]
[Date "2010.11.20"]
[Round "2"]
[White "Vesce, Emanuele"]
[Black "Giobbi, Costantino"]
[Result "1/2-1/2"]
[WhiteElo "1832"]
[BlackElo "1916"]
[PlyCount "46"]
[EventDate "2010.11.20"]

1. e4 c6 2. Nf3 Na6 3. Nc3 g6 4. d4 Bg7 5. Be3 Nc7 6. Qd2 d5 7. e5 Bg4 8. h4
Qd7 9. Ng5 h6 10. Nh3 Bxh3 11. Rxh3 O-O-O 12. O-O-O h5 13. Na4 Ne6 14. Qa5 Kb8
15. Nc5 Nxc5 16. Qxc5 e6 17. Bg5 Bf8 18. Qa5 Rc8 19. Rb3 Qc7 20. Qa4 Ka8 21.
Bd2 b5 22. Qa6 Qb6 23. Qa5 Qc7 1/2-1/2

[Event "XIII Weekend A"]
[Site "Porto Sant'Elpidio ITA"]
[Date "2010.11.20"]
[Round "2"]
[White "Viviani, Alessio"]
[Black "Bruno, Fabio"]
[Result "0-1"]
[WhiteElo "1958"]
[BlackElo "2465"]
[PlyCount "48"]
[EventDate "2010.11.20"]

1. Nf3 c5 2. e4 e6 3. d3 Nc6 4. g3 d5 5. Nbd2 Nf6 6. Bg2 g6 7. O-O Bg7 8. exd5
Nxd5 9. Ne4 b6 10. Bg5 f6 11. Bc1 O-O 12. Re1 Bb7 13. c3 Qd7 14. Bh3 Rfe8 15.
Bf4 Nxf4 16. gxf4 f5 17. Ned2 Qd6 18. Qa4 Bh6 19. d4 cxd4 20. cxd4 Qxf4 21. Bg2
Rad8 22. Rxe6 Rxe6 23. Qb3 Rde8 24. Ne5 Nxd4 0-1

[Event "XIII Weekend A"]
[Site "Porto Sant'Elpidio ITA"]
[Date "2010.11.21"]
[Round "3"]
[White "Bruno, Fabio"]
[Black "Rinaudo, Sergio"]
[Result "1/2-1/2"]
[WhiteElo "2465"]
[BlackElo "2126"]
[PlyCount "61"]
[EventDate "2010.11.20"]

1. d4 d5 2. Nf3 Nf6 3. c4 dxc4 4. e3 e6 5. Bxc4 c5 6. O-O a6 7. a4 Qc7 8. Qe2
Nc6 9. Nc3 Bd6 10. h3 O-O 11. Bd2 Rd8 12. Rfd1 cxd4 13. exd4 Nxd4 14. Nxd4 Bh2+
15. Kh1 Rxd4 16. Bg5 Rxd1+ 17. Rxd1 Bd6 18. Bxf6 gxf6 19. Rd4 f5 20. Qh5 Be7
21. Bd3 Bf6 22. Rc4 Qd6 23. Qf3 Bd7 24. Be4 Rc8 25. Rxc8+ Bxc8 26. Bxb7 Bxb7
27. Qxb7 Qd2 28. Qb8+ Kg7 29. Qg3+ Kf8 30. Qb8+ Kg7 31. Qg3+ 1/2-1/2

[Event "XIII Weekend A"]
[Site "Porto Sant'Elpidio ITA"]
[Date "2010.11.21"]
[Round "3"]
[White "Faini, Marco"]
[Black "Guglielmi, Dante"]
[Result "1/2-1/2"]
[WhiteElo "1951"]
[BlackElo "1906"]
[PlyCount "104"]
[EventDate "2010.11.20"]

1. c4 d5 2. cxd5 Qxd5 3. Nc3 Qd8 4. g3 Nf6 5. Bg2 g6 6. Nf3 Bg7 7. d3 O-O 8.
O-O c6 9. Qc2 Qa5 10. e4 Qh5 11. Be3 Bh3 12. Rfe1 Bxg2 13. Kxg2 Ng4 14. h3
Nxe3+ 15. Rxe3 Qc5 16. Rd1 Rd8 17. Nd2 Na6 18. Nb3 Qb6 19. a3 Nc5 20. Nxc5 Qxc5
21. Qb3 Rab8 22. Re2 Rd7 23. Red2 Rbd8 24. Ne2 Qe5 25. f3 c5 26. Qc4 a6 27. f4
Qd6 28. d4 cxd4 29. e5 Qb6 30. Nxd4 g5 31. Qb3 Qa5 32. Rd3 Qd5+ 33. Qxd5 Rxd5
34. Kf3 f6 35. e6 f5 36. Ke3 gxf4+ 37. gxf4 R5d6 38. Nxf5 Rxe6+ 39. Kf3 Rxd3+
40. Rxd3 Bxb2 41. Rb3 Bc1 42. Rxb7 Bxa3 43. Nd4 Rf6 44. Kg4 a5 45. Ra7 Bb4 46.
f5 h6 47. Ra8+ Rf8 48. Ra6 Kh7 49. Ne6 h5+ 50. Kf4 Bd2+ 51. Ke4 Rg8 52. Ra7 Bb4
1/2-1/2

[Event "XIII Weekend A"]
[Site "Porto Sant'Elpidio ITA"]
[Date "2010.11.21"]
[Round "3"]
[White "Giobbi, Costantino"]
[Black "Balzano, Filli"]
[Result "1-0"]
[WhiteElo "1916"]
[BlackElo "1805"]
[PlyCount "165"]
[EventDate "2010.11.20"]

1. d4 d5 2. c4 c6 3. Nf3 Nf6 4. Nc3 dxc4 5. a4 Bf5 6. Ne5 Nbd7 7. Nxc4 Qc7 8.
Bg5 h6 9. Bh4 e6 10. Bg3 Qd8 11. Qb3 Nb6 12. e3 Be7 13. h3 Nxc4 14. Bxc4 Qd7
15. O-O O-O 16. Rfe1 Ne4 17. Nxe4 Bxe4 18. Rac1 a5 19. Be2 Bb4 20. Red1 Rfd8
21. f3 Bg6 22. e4 Qe7 23. Bf2 Rac8 24. Bc4 Rd7 25. Qe3 Rcd8 26. Qe2 Qg5 27. Be3
Qe7 28. Qf2 Rb8 29. Bb3 Rbd8 30. Ba2 Rb8 31. Kh1 Kh8 32. Qg3 Rbd8 33. Bb3 Ra8
34. Qf2 Rad8 35. g4 Ra8 36. Qg3 Rad8 37. h4 Bd6 38. Qh3 Bb4 39. h5 Bh7 40. Rg1
f6 41. g5 fxg5 42. Bxe6 Rd6 43. Bf5 Bxf5 44. Qxf5 Rf6 45. Qg4 Rdf8 46. Rcf1 c5
47. d5 Qe5 48. Qg3 Qxb2 49. e5 Rf5 50. f4 Qe2 51. Rf2 Qd3 52. d6 Qe4+ 53. Kh2
R8f7 54. Qf3 Qxf3 55. Rxf3 gxf4 56. e6 fxe3 57. Rxf5 Rxf5 58. e7 Rxh5+ 59. Kg3
Rg5+ 60. Kf4 Rxg1 61. e8=Q+ Kh7 62. Qe4+ Kg8 63. d7 Rd1 64. Qe8+ Kh7 65. d8=Q
Rxd8 66. Qxd8 Bd2 67. Qd3+ Kh8 68. Kf5 Kh7 69. Kg4+ g6 70. Qd7+ Kh8 71. Qe8+
Kg7 72. Kf3 c4 73. Qd7+ Kf6 74. Qd4+ Kf7 75. Qxc4+ Kf6 76. Qf4+ Kg7 77. Qd4+
Kh7 78. Qd7+ Kg8 79. Ke4 h5 80. Kd5 Kh8 81. Ke6 Kg8 82. Kf6 Bc3+ 83. Kxg6 1-0

[Event "XIII Weekend A"]
[Site "Porto Sant'Elpidio ITA"]
[Date "2010.11.21"]
[Round "3"]
[White "Rinaudo, Andrea"]
[Black "Viviani, Alessio"]
[Result "1-0"]
[WhiteElo "2099"]
[BlackElo "1958"]
[PlyCount "81"]
[EventDate "2010.11.20"]

1. e4 d6 2. d4 g6 3. Nc3 Bg7 4. f4 Nf6 5. Nf3 c5 6. Bb5+ Bd7 7. e5 Ng4 8. e6
Bxb5 9. exf7+ Kf8 10. Nxb5 Qa5+ 11. Nc3 cxd4 12. Nxd4 Kxf7 13. Qxg4 Bxd4 14.
Bd2 Qf5 15. Qxf5+ gxf5 16. O-O-O Nd7 17. Rhe1 Bg7 18. Nd5 Rhe8 19. Nc7 Rac8 20.
Nxe8 Rxe8 21. Be3 Nf6 22. Bxa7 Ne4 23. Kb1 b6 24. Bxb6 Nc3+ 25. bxc3 Rb8 26.
Kc1 Rxb6 27. Rd3 e5 28. g3 e4 29. Rde3 d5 30. Kd2 Ra6 31. Rb1 Rxa2 32. Rb7+ Kg6
33. Rb6+ Kf7 34. Rb7+ Kg6 35. Rd7 Ra5 36. Rc7 h5 37. Rc6+ Kh7 38. Re1 Ra7 39.
Rb1 d4 40. cxd4 Bxd4 41. Rd6 1-0

[Event "XIII Weekend A"]
[Site "Porto Sant'Elpidio ITA"]
[Date "2010.11.21"]
[Round "3"]
[White "Ripa', Daniele"]
[Black "Ricci, Alessio"]
[Result "1-0"]
[WhiteElo "1927"]
[BlackElo "1877"]
[PlyCount "103"]
[EventDate "2010.11.20"]

1. e4 Nc6 2. Nf3 e5 3. Bb5 a6 4. Ba4 Nf6 5. O-O b5 6. Bb3 Be7 7. Re1 O-O 8. c3
d6 9. h3 Na5 10. Bc2 c5 11. d4 cxd4 12. cxd4 Nc6 13. a3 a5 14. d5 Nb8 15. Be3
Bb7 16. Nbd2 Na6 17. Bd3 b4 18. Nc4 Nd7 19. g4 Nac5 20. a4 Ba6 21. Rc1 Rc8 22.
b3 Nf6 23. Bxc5 Rxc5 24. Nfd2 Nd7 25. Qe2 Qc7 26. Rc2 Bg5 27. Nf3 Bf4 28. Nh4
g6 29. Ng2 Bh6 30. Nge3 Rc8 31. Rec1 Nb6 32. Nxb6 Bxe3 33. fxe3 Bxd3 34. Rxc5
dxc5 35. Qxd3 Qxb6 36. Qc4 Kf8 37. Rf1 Rd8 38. g5 Rd6 39. Rc1 Qd8 40. h4 Qc8
41. Qxc5 Qg4+ 42. Kf1 Qf3+ 43. Ke1 Qg3+ 44. Ke2 Ke7 45. Qc7+ Rd7 46. d6+ Ke6
47. Qc4+ Kxd6 48. Rd1+ Ke7 49. Qc5+ Kd8 50. Qf8+ Kc7 51. Rc1+ Kb6 52. Qc5+ 1-0

[Event "XIII Weekend A"]
[Site "Porto Sant'Elpidio ITA"]
[Date "2010.11.21"]
[Round "3"]
[White "Sagripanti, Michele"]
[Black "Marsili, Riccardo"]
[Result "0-1"]
[WhiteElo "1887"]
[BlackElo "1938"]
[PlyCount "45"]
[EventDate "2010.11.20"]

1. e4 c5 2. c3 d5 3. exd5 Qxd5 4. d4 Nf6 5. Na3 e6 6. Nf3 Be7 7. Bd3 O-O 8. O-O
Nc6 9. Nc2 b6 10. Ne3 Qd7 11. Ne5 Qc7 12. N3c4 Bb7 13. Bf4 Qd8 14. dxc5 Bxc5
15. b4 Nxe5 16. Nxe5 Bd6 17. Bg3 Bxe5 18. Bxe5 Qd5 19. Qf3 Qxe5 20. Qxb7 Qxc3
21. Rfd1 Qxb4 22. Rac1 Qa4 23. Rc7 0-1

[Event "XIII Weekend A"]
[Site "Porto Sant'Elpidio ITA"]
[Date "2010.11.21"]
[Round "3"]
[White "Vesce, Emanuele"]
[Black "Fronzi, Ettore"]
[Result "1/2-1/2"]
[WhiteElo "1832"]
[BlackElo "2024"]
[PlyCount "61"]
[EventDate "2010.11.20"]

1. e4 e6 2. Nf3 d5 3. Nc3 dxe4 4. Nxe4 Bd7 5. d4 Bc6 6. Bd3 Nd7 7. Qe2 Ngf6 8.
c4 Nxe4 9. Bxe4 Bxe4 10. Qxe4 c6 11. O-O Be7 12. Bd2 a5 13. Bc3 O-O 14. Rfe1
Re8 15. Ne5 Nxe5 16. dxe5 Qb6 17. Bd4 Bc5 18. Bxc5 Qxc5 19. Re3 Red8 20. Rd3
Rxd3 21. Qxd3 Qxe5 22. Rd1 g6 23. b3 Qc7 24. a4 Re8 25. g3 e5 26. Qd7 Re7 27.
Qd2 Kg7 28. Kg2 Re6 29. Qc3 c5 30. Rd5 b6 31. f4 1/2-1/2

[Event "XIII Weekend A"]
[Site "Porto Sant'Elpidio ITA"]
[Date "2010.11.27"]
[Round "4"]
[White "Balzano, Filli"]
[Black "Di Pietro, Gabriele"]
[Result "1-0"]
[WhiteElo "1805"]
[BlackElo "1856"]
[PlyCount "125"]
[EventDate "2010.11.20"]

1. e4 Nf6 2. e5 Nd5 3. d4 d6 4. Nf3 Bg4 5. exd6 cxd6 6. c4 Nb6 7. Nc3 e6 8. Be2
Be7 9. h3 Bh5 10. O-O O-O 11. Bf4 a6 12. Rc1 Bxf3 13. Bxf3 Nxc4 14. Bxb7 Ra7
15. Be4 d5 16. Qe2 Nxb2 17. Bxh7+ Kxh7 18. Qxb2 Nd7 19. Qe2 Bf6 20. Rfd1 Nb6
21. Rb1 Nc4 22. Na4 Be7 23. Qd3+ Kh8 24. Qb3 Qa5 25. Nb2 Nd6 26. Bxd6 Bxd6 27.
Nd3 Rc8 28. Qb6 Qxb6 29. Rxb6 Be7 30. Ne5 Bf6 31. f4 Kg8 32. Rdb1 a5 33. Rb8
Rac7 34. Rxc8+ Rxc8 35. Rb2 Rc1+ 36. Kf2 Rc7 37. Ke2 g6 38. Kd2 Be7 39. Nd3 Rc4
40. Ke3 Rc3 41. Kd2 Rc4 42. Ke3 a4 43. Ne5 Rc3+ 44. Kd2 Rg3 45. Ke1 Bd6 46. Kf2
Rc3 47. Ke2 a3 48. Rd2 Bb4 49. Nd3 Ba5 50. Ne1 Rc1 51. Rd1 Rc4 52. Rd3 Bb6 53.
Nf3 Rc2+ 54. Rd2 Rb2 55. Kd3 Rxd2+ 56. Nxd2 Kg7 57. Nb1 Kf6 58. Nxa3 Kf5 59.
Ke3 Bc7 60. g4+ Kf6 61. Nb5 Bb8 62. a4 Ke7 63. a5 1-0

[Event "XIII Weekend A"]
[Site "Porto Sant'Elpidio ITA"]
[Date "2010.11.27"]
[Round "4"]
[White "Briffault, Philippe"]
[Black "Ripa', Daniele"]
[Result "1/2-1/2"]
[WhiteElo "1961"]
[BlackElo "1927"]
[PlyCount "93"]
[EventDate "2010.11.20"]

1. d4 Nf6 2. c4 g6 3. Nc3 Bg7 4. g3 O-O 5. Bg2 d6 6. Nf3 Nc6 7. O-O Bf5 8. Nh4
Bd7 9. Nf3 Bf5 10. h3 Ne4 11. Nd5 e5 12. Be3 h5 13. h4 Qd7 14. Kh2 Rfe8 15. Rc1
Rac8 16. b4 exd4 17. Nxd4 Ne5 18. Nxf5 Ng4+ 19. Kg1 Qxf5 20. Bd4 c6 21. Nc3
Bxd4 22. Qxd4 Nxc3 23. Rxc3 Rxe2 24. Rf3 Qe5 25. Qxa7 Qe7 26. a3 Re8 27. Rf4
Re1 28. Qd4 Rxf1+ 29. Bxf1 Qe5 30. Qb6 Qe7 31. a4 d5 32. a5 dxc4 33. Bxc4 Qe1+
34. Kg2 Re7 35. Qd8+ Kg7 36. Qd4+ Qe5 37. Qb6 Qc7 38. Qd4+ Qe5 39. Qd3 Qe1 40.
Qb3 Ne5 41. a6 bxa6 42. Bxa6 Rd7 43. Qe3 Qxe3 44. fxe3 Rd2+ 45. Rf2 Rxf2+ 46.
Kxf2 f5 47. e4 1/2-1/2

[Event "XIII Weekend A"]
[Site "Porto Sant'Elpidio ITA"]
[Date "2010.11.27"]
[Round "4"]
[White "Fronzi, Ettore"]
[Black "Viviani, Alessio"]
[Result "0-1"]
[WhiteElo "2024"]
[BlackElo "1958"]
[PlyCount "76"]
[EventDate "2010.11.20"]

1. d4 Nf6 2. c4 g6 3. Nc3 Bg7 4. e4 d6 5. Nf3 O-O 6. Be2 e5 7. Be3 Nc6 8. d5
Ne7 9. Nd2 Nd7 10. b4 f5 11. f3 fxe4 12. fxe4 h6 13. c5 a6 14. cxd6 cxd6 15.
Nc4 b5 16. Na5 g5 17. a4 bxa4 18. Nc6 Qe8 19. Bh5 Rf7 20. Bxf7+ Qxf7 21. Nxe7+
Qxe7 22. O-O Nf6 23. Qxa4 Nh5 24. g3 Bh3 25. Rf2 Nf6 26. Rc2 Ng4 27. Re2 Nxe3
28. Rxe3 Qa7 29. Rae1 Rf8 30. Nd1 Bd7 31. Qc2 Bb5 32. Qg2 g4 33. Kh1 h5 34. Rc3
Qd4 35. Qb2 Bd3 36. Qg2 Rf3 37. Rb3 Bxe4 38. Rxe4 Qxd1+ 0-1

[Event "XIII Weekend A"]
[Site "Porto Sant'Elpidio ITA"]
[Date "2010.11.27"]
[Round "4"]
[White "Guglielmi, Dante"]
[Black "Giobbi, Costantino"]
[Result "0-1"]
[WhiteElo "1906"]
[BlackElo "1916"]
[PlyCount "104"]
[EventDate "2010.11.20"]

1. c4 Nf6 2. Nc3 d6 3. g3 c5 4. Bg2 Nc6 5. e3 e6 6. Nge2 Be7 7. O-O O-O 8. d4
cxd4 9. Nxd4 Bd7 10. Ndb5 Be8 11. b3 a6 12. Nd4 Qc7 13. Bb2 Rc8 14. Rc1 Qb8 15.
Ne4 Nxe4 16. Bxe4 Nxd4 17. Bxd4 e5 18. Bb2 b5 19. cxb5 Bxb5 20. Re1 Qb6 21. Qf3
Bd7 22. Bd5 Bf6 23. Qe4 Qa5 24. b4 Qb6 25. Rc4 Rxc4 26. Qxc4 Bb5 27. Qb3 Bc6
28. Bxc6 Qxc6 29. Rc1 Qf3 30. Rc7 h5 31. Qc2 h4 32. Rc8 g6 33. Rxf8+ Kxf8 34.
Qc8+ Kg7 35. Qxa6 Qd1+ 36. Kg2 Qc2 37. Qa3 h3+ 38. Kxh3 Qxf2 39. e4 Qf1+ 40.
Kg4 Qg2 41. b5 Qe2+ 42. Kh3 g5 43. g4 Qf1+ 44. Kg3 Qf4+ 45. Kh3 Qf1+ 46. Kg3
Qxb5 47. Qb3 Qe2 48. Ba3 Qe1+ 49. Kf3 d5 50. Qb4 Qf1+ 51. Kg3 Qf4+ 52. Kh3 Qf3#
0-1